[Event "Como Province-ch"]
[Site "Como"]
[Date "2009.02.01"]
[Round "5"]
[White "Orsenigo, Davide"]
[Black "Coppola, Guido"]
[Result "0-1"]
[WhiteElo "1879"]
[BlackElo "2012"]
[PlyCount "58"]
[EventDate "2009.01.24"]
[EventType "swiss"]
[EventRounds "6"]
[EventCountry "ITA"]
[SourceTitle "EXT 2011"]
[Source "ChessBase"]
[SourceDate "2010.11.26"]
[SourceVersion "1"]
[SourceVersionDate "2010.11.26"]
[SourceQuality "1"]

1. e4 c5 2. Nf3 d6 3. d4 cxd4 4. Nxd4 Nf6 5. Nc3 a6 6. Be2 e5 7. Nb3 Be7 8. 0-0 Be6 9. Be3 Nbd7 10. f3 Nb6 11. Nd2 Rc8 12. Bf2 0-0 13. g4 h6 14. Bg3 Nbd7 15. Kg2 d5 16. exd5 Bxd5 17. Nde4 Bc6 18. Bd3 Qb6 19. b3 Rfd8 20. Qe2 Bb4 21. h3 Qa5 22. Nd1 Nxe4 23. Bxe4 Nf6 24. Bd3 e4 25. fxe4 Nxe4 26. Kh2 Nxg3 27. Kxg3 Qc7+ 28. Kh4 Be7+ 29. Kh5 Qg3 0-1

[Event "Como Province-ch"]
[Site "Como"]
[Date "2009.01.25"]
[Round "2"]
[White "Coppola, Guido"]
[Black "Gonella, Daniele"]
[Result "0-1"]
[WhiteElo "2012"]
[BlackElo "1740"]
[PlyCount "58"]
[EventDate "2009.01.24"]
[EventType "swiss"]
[EventRounds "6"]
[EventCountry "ITA"]
[SourceTitle "EXT 2011"]
[Source "ChessBase"]
[SourceDate "2010.11.26"]
[SourceVersion "1"]
[SourceVersionDate "2010.11.26"]
[SourceQuality "1"]

1. e4 e5 2. Nf3 Nc6 3. Bc4 Bc5 4. 0-0 Nf6 5. d4 Bxd4 6. Nxd4 Nxd4 7. f4 Nc6 8. f5 Qe7 9. Nd2 d5 10. exd5 Nxd5 11. Ne4 Nf6 12. Bg5 h6 13. Bh4 Nd4 14. Bd3 Bd7 15. c3 Nb5 16. Qe2 Nd6 17. Ng3 0-0-0 18. b4 Rde8 19. c4 e4 20. Rae1 Qe5 21. Bxf6 Qxf6 22. Bxe4 Qd4+ 23. Qf2 Qxf2+ 24. Rxf2 Nxc4 25. Rd1 Nd6 26. Rfd2 Nxe4 27. Nxe4 Bxf5 28. Nc5 b6 29. Na6 Rd8 0-1

[Event "Como Province-ch"]
[Site "Como"]
[Date "2009.01.24"]
[Round "1"]
[White "Mason, Giovanni"]
[Black "Coppola, Guido"]
[Result "0-1"]
[WhiteElo "1565"]
[BlackElo "2012"]
[PlyCount "62"]
[EventDate "2009.01.24"]
[EventType "swiss"]
[EventRounds "6"]
[EventCountry "ITA"]
[SourceTitle "EXT 2011"]
[Source "ChessBase"]
[SourceDate "2010.11.26"]
[SourceVersion "1"]
[SourceVersionDate "2010.11.26"]
[SourceQuality "1"]

1. e4 c5 2. Nf3 d6 3. d4 cxd4 4. Nxd4 Nf6 5. Nc3 a6 6. Bd3 e5 7. Nde2 Be7 8. h3 Be6 9. 0-0 Nbd7 10. f4 Qc7 11. f5 Bc4 12. Be3 Bxd3 13. cxd3 b5 14. Rc1 Qb7 15. Bg5 h6 16. Be3 Rc8 17. Qd2 Nb6 18. Bxb6 Qxb6+ 19. Kh2 0-0 20. g4 b4 21. Na4 Qb5 22. b3 d5 23. g5 Nxe4 24. dxe4 Bxg5 25. Qd1 Bxc1 26. Nxc1 dxe4 27. Nb2 Rfd8 28. Qe1 Rc2+ 29. Rf2 Qc5 30. Rg2 Rxg2+ 31. Kxg2 Qc2+ 0-1

[Event "CO Province-ch"]
[Site "Mariano Comense"]
[Date "2008.01.27"]
[Round "6"]
[White "Coppola, Guido"]
[Black "Lancianese, Giuseppe"]
[Result "1-0"]
[WhiteElo "2065"]
[BlackElo "1806"]
[PlyCount "105"]
[EventDate "2008.01.19"]
[EventType "swiss"]
[EventRounds "6"]
[EventCountry "ITA"]
[SourceTitle "EXT 2009"]
[Source "ChessBase"]
[SourceDate "2008.11.26"]
[SourceVersion "1"]
[SourceVersionDate "2008.11.26"]
[SourceQuality "1"]

1. e4 d5 2. exd5 Nf6 3. Nf3 Nxd5 4. d4 e6 5. a3 Be7 6. Bd3 Nf6 7. 0-0 0-0 8. b3 b6 9. Nbd2 Bb7 10. Bb2 Qd5 11. Re1 Nbd7 12. Ne4 Qh5 13. Ng3 Bxf3 14. Nxh5 Bxd1 15. Nxf6+ Bxf6 16. Raxd1 c5 17. Bb5 Rad8 18. c3 cxd4 19. cxd4 Nb8 20. a4 Rc8 21. g3 Rfd8 22. Rd2 Nc6 23. Red1 Nb4 24. Bc4 Nd5 25. Ba1 Bg5 26. Re2 Bf6 27. h4 g6 28. Rd3 Bg7 29. Rd1 Rc7 30. Kf1 Kf8 31. Bb2 Kg8 32. Red2 Bh6 33. Rd3 Bg7 34. Ba3 h5 35. Ke2 Bf8 36. Bxf8 Kxf8 37. Bxd5 exd5 38. Re3 Re8 39. Rxe8+ Kxe8 40. Kd3 Kd7 41. Re1 Kd6 42. f3 a5 43. Re8 Re7 44. Rxe7 Kxe7 45. Ke3 Ke6 46. Kf4 f5 47. Kg5 Kf7 48. Kh6 Kf6 49. f4 Kf7 50. Kh7 Kf6 51. Kg8 g5 52. hxg5+ Kg6 53. Kf8 1-0

[Event "Villa Guardia Coppa d'Oro 23th"]
[Site "Villa Guardia"]
[Date "2005.10.21"]
[Round "3"]
[White "Coppola, Guido"]
[Black "Buonocore, Elio"]
[Result "1/2-1/2"]
[WhiteElo "1981"]
[BlackElo "2156"]
[PlyCount "99"]
[EventDate "2005.10.07"]
[EventType "swiss"]
[EventRounds "8"]
[EventCountry "ITA"]
[SourceTitle "EXT 2024"]
[Source "ChessBase"]
[SourceDate "2023.10.10"]
[SourceVersion "1"]
[SourceVersionDate "2023.10.10"]
[SourceQuality "1"]

1. e4 c5 2. Nf3 Nc6 3. d4 cxd4 4. Nxd4 Nf6 5. Nc3 e5 6. Ndb5 d6 7. a4 a6 8. Na3 Bg4 9. f3 Be6 10. Nc4 Nb4 11. Ne3 d5 12. exd5 Nfxd5 13. Ncxd5 Nxd5 14. Nxd5 Qxd5 15. Qxd5 Bxd5 16. Bd3 Bc5 17. Bd2 0-0 18. b4 Bd4 19. c3 Ba7 20. c4 e4 21. fxe4 Bxe4 22. Bxe4 Rfe8 23. c5 Rxe4+ 24. Kf2 a5 25. Rhe1 Rd4 26. Be3 Rxb4 27. Reb1 Rc8 28. Rxb4 axb4 29. Rb1 Bxc5 30. Bxc5 Rxc5 31. Rxb4 Rc7 32. a5 g6 33. Rb6 Kg7 34. a6 bxa6 35. Rxa6 h5 36. Kg3 f6 37. h3 g5 38. Ra3 Rc4 39. Kf3 Kg6 40. g4 hxg4+ 41. hxg4 Rf4+ 42. Kg3 Rd4 43. Kf3 Kf7 44. Re3 Rd6 45. Ra3 Ke6 46. Re3+ Kd5 47. Ra3 Rc6 48. Ke3 Rc5 49. Kf3 Kd4 50. Ra4+ 1/2-1/2

[Event "Villa Guardia Coppa d'Oro 23th"]
[Site "Villa Guardia"]
[Date "2005.10.07"]
[Round "1"]
[White "Mason, Giovanni"]
[Black "Coppola, Guido"]
[Result "0-1"]
[WhiteElo "1544"]
[BlackElo "1981"]
[PlyCount "116"]
[EventDate "2005.10.07"]
[EventType "swiss"]
[EventRounds "8"]
[EventCountry "ITA"]
[SourceTitle "EXT 2024"]
[Source "ChessBase"]
[SourceDate "2023.10.10"]
[SourceVersion "1"]
[SourceVersionDate "2023.10.10"]
[SourceQuality "1"]

1. e4 c5 2. Nf3 d6 3. c3 g6 4. d3 Nc6 5. Be2 Bg7 6. Nbd2 Nf6 7. h3 Nh5 8. Nf1 Bd7 9. Bd2 b5 10. g4 Nf6 11. Ng5 h6 12. Nf3 Qb6 13. Ne3 Rb8 14. 0-0 Be6 15. Nh4 c4 16. f3 cxd3 17. Bxd3 Ne5 18. Be2 Bc4 19. Kg2 0-0 20. Bc1 e6 21. Kh1 g5 22. Nhg2 d5 23. exd5 Rfd8 24. Qc2 Nxd5 25. Nxd5 Bxd5 26. Be3 Qb7 27. Ne1 Rbc8 28. Rd1 b4 29. c4 Nxc4 30. Bxc4 Rxc4 31. Qd2 Rdc8 32. Rc1 Qc6 33. Rxc4 Qxc4 34. Nd3 a5 35. Rc1 Bxf3+ 36. Kg1 Qa6 37. Rxc8+ Qxc8 38. Qc1 Qxc1+ 39. Bxc1 Bd4+ 40. Kf1 f5 41. gxf5 exf5 42. Ne1 Bd5 43. a3 Kg7 44. axb4 axb4 45. Nc2 Bc5 46. Be3 Bd6 47. Bd4+ Kg6 48. Ne3 Be6 49. Kg2 h5 50. Nd1 f4 51. Nf2 Kf5 52. Kg1 g4 53. hxg4+ hxg4 54. Bb6 Bc4 55. Bd4 g3 56. Nd1 Kg4 57. Nf2+ gxf2+ 58. Kxf2 f3 0-1

[Event "ITA-ch Provinciale Como"]
[Site "San Fermo della Battaglia"]
[Date "2003.04.05"]
[Round "4"]
[White "Coppola, Guido"]
[Black "Buccoliero, Alessandro"]
[Result "0-1"]
[WhiteElo "1803"]
[BlackElo "1879"]
[PlyCount "50"]
[EventDate "2003.03.29"]
[EventType "swiss"]
[EventRounds "6"]
[EventCountry "ITA"]
[SourceTitle "EXT 2024"]
[Source "ChessBase"]
[SourceDate "2023.10.10"]
[SourceVersion "1"]
[SourceVersionDate "2023.10.10"]
[SourceQuality "1"]

1. e4 e6 2. d4 d5 3. e5 c5 4. c3 Nc6 5. Nf3 Qb6 6. a3 c4 7. g3 Bd7 8. Nbd2 f6 9. exf6 Nxf6 10. Bh3 Bd6 11. 0-0 0-0 12. Qe2 e5 13. Bxd7 Nxd7 14. dxe5 Ndxe5 15. b4 Rae8 16. Qd1 Nd3 17. Kg2 Re7 18. Nb3 Re1 19. Rxe1 Qxf2+ 20. Kh3 Nxe1 21. Qxe1 Qxf3 22. Nd2 Qh5+ 23. Kg2 Re8 24. Qg1 Re2+ 25. Kh1 Ne5 0-1

[Event "Como Province-ch"]
[Site "Como"]
[Date "2001.02.02"]
[Round "4"]
[White "Napoli, Ferdinando"]
[Black "Coppola, Guido"]
[Result "1-0"]
[WhiteElo "1537"]
[BlackElo "1860"]
[PlyCount "51"]
[EventDate "2001.01.12"]
[EventType "swiss"]
[EventRounds "8"]
[EventCountry "ITA"]
[SourceTitle "EXT 2023"]
[Source "ChessBase"]
[SourceDate "2022.10.05"]
[SourceVersion "1"]
[SourceVersionDate "2022.10.05"]
[SourceQuality "1"]

1. e4 c5 2. Nf3 d6 3. d4 cxd4 4. Nxd4 Nf6 5. Nc3 a6 6. Bg5 e6 7. f4 Be7 8. Qf3 Qc7 9. 0-0-0 Nbd7 10. Bd3 b5 11. Rhe1 b4 12. Nd5 Nxd5 13. exd5 Ne5 14. Rxe5 dxe5 15. d6 Bxd6 16. fxe5 Rb8 17. exd6 Qa5 18. Bf4 e5 19. Nc6 Bb7 20. Nxa5 Bxf3 21. gxf3 exf4 22. Bxa6 Kd7 23. Bb7 Rhd8 24. Bc6+ Kc8 25. Be4 b3 26. Bf5+ 1-0

[Event "Como Province-ch"]
[Site "Como"]
[Date "1999.02.26"]
[Round "7"]
[White "Coppola, Guido"]
[Black "Liscio, Giovanni"]
[Result "0-1"]
[WhiteElo "1779"]
[BlackElo "1804"]
[PlyCount "95"]
[EventDate "1999.01.15"]
[EventType "swiss"]
[EventRounds "8"]
[EventCountry "ITA"]
[SourceTitle "EXT 2023"]
[Source "ChessBase"]
[SourceDate "2022.10.05"]
[SourceVersion "1"]
[SourceVersionDate "2022.10.05"]
[SourceQuality "1"]

1. e4 c6 2. d4 d5 3. exd5 cxd5 4. Bd3 Nf6 5. Nf3 Bg4 6. Nbd2 e6 7. 0-0 Be7 8. Re1 Nc6 9. c3 0-0 10. h3 Bxf3 11. Nxf3 Nd7 12. Ne5 Ncxe5 13. dxe5 a6 14. Qg4 Re8 15. Bh6 Bf8 16. Rad1 Qc7 17. Bf4 g6 18. h4 h5 19. Qg3 Bg7 20. Re3 Nf8 21. Rde1 b5 22. Qf3 Rab8 23. g4 hxg4 24. Qxg4 Qd7 25. h5 d4 26. Rg3 dxc3 27. Rh3 cxb2 28. h6 Bh8 29. h7+ Nxh7 30. Qh4 f5 31. exf6 Bxf6 32. Qh6 Rb7 33. Bxg6 Qg7 34. Rg3 Qxh6 35. Bxh6 Ree7 36. Be4+ Kh8 37. Bxb7 Rxb7 38. Rd3 Ng5 39. Rb3 Nf7 40. Rxe6 Bc3 41. Rc6 b4 42. Bf8 a5 43. Rc4 Ne5 44. Rf4 Nd3 45. Rc4 a4 46. Bxb4 axb3 47. Bxc3+ Rg7+ 48. Rg4 0-1

[Event "Como Province-ch"]
[Site "Como"]
[Date "1999.02.19"]
[Round "6"]
[White "Napoli, Ferdinando"]
[Black "Coppola, Guido"]
[Result "0-1"]
[WhiteElo "1570"]
[BlackElo "1779"]
[PlyCount "56"]
[EventDate "1999.01.15"]
[EventType "swiss"]
[EventRounds "8"]
[EventCountry "ITA"]
[SourceTitle "EXT 2023"]
[Source "ChessBase"]
[SourceDate "2022.10.05"]
[SourceVersion "1"]
[SourceVersionDate "2022.10.05"]
[SourceQuality "1"]

1. b3 d5 2. Bb2 Nf6 3. e3 c5 4. Nf3 Nc6 5. d4 e6 6. Be2 cxd4 7. Nxd4 Bb4+ 8. c3 Bd6 9. 0-0 0-0 10. c4 Nxd4 11. exd4 Re8 12. Nd2 Qc7 13. Nf3 Ng4 14. h3 Nh2 15. Nxh2 Bxh2+ 16. Kh1 dxc4 17. Rc1 Bf4 18. Rxc4 Qe7 19. d5 exd5 20. Rxf4 Qxe2 21. Qd4 Qxf1+ 22. Kh2 f6 23. Rxf6 Re7 24. Qxd5+ Be6 25. Rxe6 Rf7 26. Bd4 Qc1 27. Be3 Qc7+ 28. Kg1 Rd8 0-1

[Event "Como Province-ch"]
[Site "Como"]
[Date "1999.02.05"]
[Round "4"]
[White "Bonetti, Marco"]
[Black "Coppola, Guido"]
[Result "1-0"]
[WhiteElo "1902"]
[BlackElo "1779"]
[PlyCount "49"]
[EventDate "1999.01.15"]
[EventType "swiss"]
[EventRounds "8"]
[EventCountry "ITA"]
[SourceTitle "EXT 2023"]
[Source "ChessBase"]
[SourceDate "2022.10.05"]
[SourceVersion "1"]
[SourceVersionDate "2022.10.05"]
[SourceQuality "1"]

1. e4 c5 2. Nf3 Nf6 3. Nc3 d6 4. d4 cxd4 5. Nxd4 Nbd7 6. Bg5 g6 7. f3 Bg7 8. Qd2 a6 9. h4 Nh5 10. Nd5 Ndf6 11. Bc4 Nxd5 12. Bxd5 h6 13. Be3 Ng3 14. Rg1 e6 15. Bb3 Be5 16. Ba4+ b5 17. Nc6 Qxh4 18. Nxe5 dxe5 19. 0-0-0 bxa4 20. Qd6 Bb7 21. Qd7+ Kf8 22. Qxb7 Ne2+ 23. Kb1 Nxg1 24. Qxa8+ Kg7 25. Qxa6 1-0

[Event "Como Province-ch"]
[Site "Como"]
[Date "1999.01.22"]
[Round "2"]
[White "Cattoni, Luca"]
[Black "Coppola, Guido"]
[Result "0-1"]
[WhiteElo "1558"]
[BlackElo "1779"]
[PlyCount "56"]
[EventDate "1999.01.15"]
[EventType "swiss"]
[EventRounds "8"]
[EventCountry "ITA"]
[SourceTitle "EXT 2023"]
[Source "ChessBase"]
[SourceDate "2022.10.05"]
[SourceVersion "1"]
[SourceVersionDate "2022.10.05"]
[SourceQuality "1"]

1. d4 Nf6 2. c4 e5 3. e3 exd4 4. exd4 d5 5. Bg5 Be7 6. Nc3 dxc4 7. f3 0-0 8. Bxc4 h6 9. Bh4 Nh5 10. Bf2 Bh4 11. g3 Be7 12. Nge2 Nd7 13. Qd2 Nb6 14. Bb3 a5 15. a4 Nf6 16. 0-0 c6 17. Rad1 Nbd5 18. Rfe1 Bf5 19. Nf4 Bb4 20. Re5 Bh7 21. Re2 Qd7 22. Bc2 Bxc2 23. Nfxd5 Bxd1 24. Nxf6+ gxf6 25. Qxd1 Bxc3 26. bxc3 Rfe8 27. Be3 Qh3 28. Rb2 Rxe3 0-1